| 000 | 00575nam a22001937a 4500 | ||
|---|---|---|---|
| 003 | SISC | ||
| 005 | 20170116152658.0 | ||
| 008 | 141106b xxu||||| |||| 00| 0 eng d | ||
| 020 | _a9781442531772 | ||
| 050 |
_aHB 172 _b.G235 2012 |
||
| 100 | _aGarnett, Hubbard. | ||
| 245 |
_aMicroeconomics / _cHubbard Garnett and Lewis O' Brien. |
||
| 260 |
_aAustralia : _bPearson, _c2012. |
||
| 300 |
_a505 pages : _bcolor illustrations ; _c26 cm. |
||
| 500 | _aIncludes glossary and index. | ||
| 521 | _aBusiness Administration | ||
| 650 | _aMicroeconomics. | ||
| 942 |
_2lcc _cBK _kFOR |
||
| 999 |
_c276725 _d276725 |
||